[Event "Regionalliga Sued-Ost 1819"]
[Site "Bayern"]
[Date "2018.10.21"]
[Round "1.6"]
[White "Gschwendtner, Stanislav"]
[Black "Kaiser, Richard"]
[Result "1/2-1/2"]
[WhiteElo "2014"]
[BlackElo "2056"]
[PlyCount "91"]
[EventDate "2018.10.21"]
[EventType "team-tourn"]
[EventRounds "9"]
[EventCountry "GER"]
[SourceTitle "EXT 2022"]
[Source "ChessBase"]
[SourceDate "2021.10.06"]
[SourceVersion "1"]
[SourceVersionDate "2021.10.06"]
[SourceQuality "1"]
[WhiteTeam "Bayerwald Regen/Zwiesel"]
[BlackTeam "Passau II"]
[WhiteTeamCountry "GER"]
[BlackTeamCountry "GER"]

1. Nf3 d6 2. c4 e5 3. e3 Nc6 4. d4 Be7 5. d5 Nb8 6. e4 f5 7. exf5 Bxf5 8. Nc3 Nf6 9. Nh4 Bd7 10. g3 0-0 11. Bg2 a5 12. 0-0 Na6 13. h3 Nc5 14. Be3 b6 15. Qd2 Ne8 16. Nf3 h6 17. Kh2 Nf6 18. Nh4 Qe8 19. f4 exf4 20. Bxf4 Nh5 21. Rae1 Nxf4 22. gxf4 Qf7 23. Rxe7 Qxe7 24. Ng6 Qf7 25. Nxf8 Rxf8 26. Ne4 Nxe4 27. Bxe4 Qf6 28. b3 Re8 29. Qg2 Bf5 30. Bxf5 Qxf5 31. Rf2 Kf7 32. Qg4 g6 33. Qxf5+ gxf5 34. Kg3 Re3+ 35. Rf3 Re2 36. Rf2 Re1 37. Kf3 Rh1 38. Kg2 Re1 39. Kf3 Re4 40. Re2 Rd4 41. Re6 Rd3+ 42. Re3 Rd2 43. Re2 Rd4 44. Re6 Rd3+ 45. Re3 Rd4 46. Re6 1/2-1/2

[Event "Arber op 7th"]
[Site "Bodenmais"]
[Date "2018.08.04"]
[Round "8"]
[White "Gschwendtner, Stanislav"]
[Black "Eizenhammer, Peter"]
[Result "1/2-1/2"]
[WhiteElo "2032"]
[BlackElo "2148"]
[PlyCount "97"]
[EventDate "2018.07.28"]
[EventType "swiss"]
[EventRounds "9"]
[EventCountry "GER"]
[SourceTitle "CBM 185 Extra"]
[Source "ChessBase"]
[SourceDate "2018.07.29"]
[SourceVersion "1"]
[SourceVersionDate "2018.07.29"]
[SourceQuality "1"]

1. c4 Nf6 2. Nc3 g6 3. e4 d6 4. d4 Bg7 5. h3 0-0 6. Nf3 a5 7. g4 Na6 8. Be3 e5 9. d5 c6 10. Nd2 Ne8 11. Rg1 Bf6 12. Be2 Bg5 13. Nf1 Bxe3 14. Nxe3 Nc5 15. g5 a4 16. h4 Qa5 17. Qd2 Nc7 18. Ng4 Bxg4 19. Rxg4 cxd5 20. Nxd5 Nxd5 21. Qxa5 Rxa5 22. exd5 f5 23. gxf6 Rxf6 24. h5 Kg7 25. Rb1 Rf4 26. hxg6 hxg6 27. b4 axb3 28. axb3 Nd3+ 29. Kd2 Nxf2 30. Rxf4 exf4 31. b4 Ra2+ 32. Ke1 Ne4 33. Bd3 Nd2 34. Rd1 Nf3+ 35. Kf1 Nh2+ 36. Ke1 f3 37. Rd2 Rxd2 38. Kxd2 f2 39. c5 dxc5 40. bxc5 Kf6 41. c6 bxc6 42. dxc6 Ke7 43. Ke3 f1Q 44. Bxf1 Nxf1+ 45. Kf4 Nd2 46. c7 Kd7 47. c8Q+ Kxc8 48. Kg5 Kc7 49. Kxg6 1/2-1/2

[Event "Arber op 7th"]
[Site "Bodenmais"]
[Date "2018.07.30"]
[Round "3"]
[White "Tober, Julian"]
[Black "Gschwendtner, Stanislav"]
[Result "0-1"]
[WhiteElo "1820"]
[BlackElo "2032"]
[PlyCount "64"]
[EventDate "2018.07.28"]
[EventType "swiss"]
[EventRounds "9"]
[EventCountry "GER"]
[SourceTitle "CBM 185 Extra"]
[Source "ChessBase"]
[SourceDate "2018.07.29"]
[SourceVersion "1"]
[SourceVersionDate "2018.07.29"]
[SourceQuality "1"]

1. e4 c5 2. d4 cxd4 3. c3 Nf6 4. e5 Nd5 5. Bc4 Qc7 6. Qxd4 Nb6 7. Na3 Nc6 8. Bxf7+ Kxf7 9. Qf4+ Ke8 10. Nf3 Nd5 11. Qe4 e6 12. Nb5 Qb6 13. c4 Bb4+ 14. Bd2 Bxd2+ 15. Nxd2 Nde7 16. Nd6+ Kf8 17. Qf4+ Nf5 18. g4 Nxe5 19. Qxe5 Qxd6 20. Qa5 b6 21. Qc3 Bb7 22. Nf3 Nd4 23. Nxd4 Bxh1 24. 0-0-0 Qf4+ 25. Kb1 Be4+ 26. Ka1 Qf6 27. Qa3+ Qe7 28. Qe3 Bc6 29. Nxc6 dxc6 30. Qf3+ Qf6 31. Qxc6 Rd8 32. Re1 h6 0-1

[Event "Pardubice op rapid 29th"]
[Site "Pardubice"]
[Date "2018.07.19"]
[Round "7"]
[White "Gschwendtner, Stanislav"]
[Black "Natarov, Ilya"]
[Result "0-1"]
[WhiteElo "2032"]
[BlackElo "2028"]
[PlyCount "88"]
[EventDate "2018.07.18"]
[EventType "swiss (rapid)"]
[EventRounds "9"]
[EventCountry "CZE"]
[SourceTitle "CBM 185 Extra"]
[Source "ChessBase"]
[SourceDate "2018.07.29"]
[SourceVersion "1"]
[SourceVersionDate "2018.07.29"]
[SourceQuality "1"]

1. c4 Nf6 2. Nc3 g6 3. e4 d6 4. g3 Bg7 5. Bg2 0-0 6. d3 Nc6 7. h3 Nd7 8. Nge2 a6 9. 0-0 Rb8 10. a4 Nb4 11. Be3 Ne5 12. Nc1 c5 13. f4 Nec6 14. N1e2 Nd4 15. Rb1 Bd7 16. Nd5 Nbc2 17. Bf2 Nxe2+ 18. Qxe2 Bxa4 19. Qd1 Bb3 20. Qd2 Nd4 21. Kh2 e6 22. Nc3 b5 23. cxb5 axb5 24. Ne2 Nxe2 25. Qxe2 Qe7 26. Rfc1 Rfc8 27. e5 d5 28. Ra1 Bf8 29. Ra6 Qb7 30. Rca1 Ra8 31. Rxa8 Rxa8 32. Rxa8 Qxa8 33. f5 gxf5 34. g4 Qa4 35. gxf5 Qf4+ 36. Bg3 Qxf5 37. Bf3 c4 38. d4 Qc2 39. Qxc2 Bxc2 40. Be1 Bh6 41. Bc3 Bc1 42. Kg3 b4 43. Bxb4 Bxb2 44. Bc5 Bd3 0-1

[Event "CZE-chT2A 1718"]
[Site "Czech Republic"]
[Date "2018.04.08"]
[Round "11.7"]
[White "Musil, Miroslav"]
[Black "Gschwendtner, Stanislav"]
[Result "1-0"]
[WhiteElo "2053"]
[BlackElo "2024"]
[PlyCount "101"]
[EventDate "2017.10.15"]
[EventType "team-tourn"]
[EventRounds "11"]
[EventCountry "CZE"]
[SourceTitle "EXT 2022"]
[Source "ChessBase"]
[SourceDate "2021.10.06"]
[SourceVersion "1"]
[SourceVersionDate "2021.10.06"]
[SourceQuality "1"]
[WhiteTeam "Karlovy Vary Tietz"]
[BlackTeam "Klatovy"]
[WhiteTeamCountry "CZE"]
[BlackTeamCountry "CZE"]

1. c4 c5 2. Nc3 Nc6 3. g3 g6 4. Bg2 Bg7 5. d3 e5 6. e4 Nge7 7. Nge2 d6 8. 0-0 0-0 9. a3 Rb8 10. Rb1 a5 11. Be3 h6 12. h3 f5 13. f4 exf4 14. Bxf4 Nd4 15. Nxd4 Bxd4+ 16. Kh2 g5 17. Bd2 Ng6 18. Qh5 Kg7 19. Ne2 Be5 20. b4 axb4 21. axb4 f4 22. gxf4 Nxf4 23. Nxf4 gxf4 24. Bf3 Qf6 25. bxc5 dxc5 26. Rb6 Be6 27. Be1 Bd4 28. Bh4 Qf7 29. Bf2 Qxh5 30. Bxd4+ cxd4 31. Bxh5 Bf7 32. Rg1+ Kh7 33. Bf3 Rg8 34. Bg4 Bg6 35. Rxg6 Rxg6 36. Bf5 Rbg8 37. e5 h5 38. e6 Kh6 39. Rxg6+ Rxg6 40. Bxg6 Kxg6 41. Kg2 Kf6 42. Kf3 Kxe6 43. Kxf4 Kf6 44. h4 Ke6 45. Ke4 Kf6 46. c5 Ke6 47. Kxd4 Kf5 48. Ke3 Kg4 49. d4 Kxh4 50. d5 Kg3 51. d6 1-0

[Event "CZE-chT2A 1718"]
[Site "Czech Republic"]
[Date "2018.01.28"]
[Round "7.6"]
[White "Gschwendtner, Stanislav"]
[Black "Pilar, Miloslav"]
[Result "0-1"]
[WhiteElo "2024"]
[BlackElo "2123"]
[PlyCount "44"]
[EventDate "2017.10.15"]
[EventType "team-tourn"]
[EventRounds "11"]
[EventCountry "CZE"]
[SourceTitle "EXT 2022"]
[Source "ChessBase"]
[SourceDate "2021.10.06"]
[SourceVersion "1"]
[SourceVersionDate "2021.10.06"]
[SourceQuality "1"]
[WhiteTeam "Klatovy"]
[BlackTeam "Vysehrad II"]
[WhiteTeamCountry "CZE"]
[BlackTeamCountry "CZE"]

1. Nf3 Nf6 2. c4 g6 3. Nc3 c5 4. d4 cxd4 5. Nxd4 Nc6 6. g3 d6 7. Bg2 Bd7 8. b3 Bg7 9. Nc2 0-0 10. Bb2 a6 11. 0-0 Rb8 12. Nd5 Nxd5 13. Bxg7 Ne3 14. Nxe3 Kxg7 15. Rc1 Be6 16. Nd5 Qa5 17. Rc2 Rbc8 18. Qa1+ f6 19. Rfc1 Bxd5 20. Bxd5 Nb4 21. Rd2 Nxd5 22. Rxd5 Rc5 0-1

[Event "Regionalliga Sued-Ost 1718"]
[Site "Bayern"]
[Date "2018.01.21"]
[Round "5.7"]
[White "Gschwendtner, Stanislav"]
[Black "Gil, Arthur"]
[Result "1/2-1/2"]
[WhiteElo "1977"]
[BlackElo "1933"]
[PlyCount "68"]
[EventDate "2017.10.22"]
[EventType "team-tourn"]
[EventRounds "9"]
[EventCountry "GER"]
[SourceTitle "EXT 2022"]
[Source "ChessBase"]
[SourceDate "2021.10.06"]
[SourceVersion "1"]
[SourceVersionDate "2021.10.06"]
[SourceQuality "1"]
[WhiteTeam "Bayerwald Regen/Zwiesel"]
[BlackTeam "Ebersberg Grafing"]
[WhiteTeamCountry "GER"]
[BlackTeamCountry "GER"]

1. c4 e5 2. g3 Nc6 3. Bg2 Nf6 4. Nc3 g6 5. d3 Bg7 6. e4 d6 7. Nge2 0-0 8. 0-0 Bg4 9. h3 Be6 10. f4 Qd7 11. g4 exf4 12. Nxf4 Nd4 13. Be3 Ne8 14. Nxe6 fxe6 15. Rxf8+ Kxf8 16. Qd2 c5 17. Rf1+ Kg8 18. Ne2 Nxe2+ 19. Qxe2 Nc7 20. h4 Rf8 21. Rxf8+ Kxf8 22. e5 b6 23. d4 cxd4 24. Bxd4 d5 25. h5 gxh5 26. gxh5 Qf7 27. Qg4 Bh6 28. cxd5 Nxd5 29. Bxd5 exd5 30. Qc8+ Qe8 31. Qf5+ Qf7 32. Qc8+ Qe8 33. Qh3 Qe7 34. Qc8+ Qe8 1/2-1/2

[Event "Klatovy op 22nd"]
[Site "Klatovy"]
[Date "2016.07.08"]
[Round "7"]
[White "Drahorad, Daniel"]
[Black "Gschwendtner, Stanislav"]
[Result "1/2-1/2"]
[WhiteElo "1970"]
[BlackElo "2058"]
[PlyCount "24"]
[EventDate "2016.07.02"]
[EventType "swiss"]
[EventRounds "9"]
[EventCountry "CZE"]
[SourceTitle "CBM 173 Extra"]
[Source "ChessBase"]
[SourceDate "2016.08.29"]
[SourceVersion "1"]
[SourceVersionDate "2016.08.29"]
[SourceQuality "1"]

1. e4 c5 2. Nc3 d6 3. f4 e6 4. Nf3 Nc6 5. Bb5 Bd7 6. 0-0 Nge7 7. d3 a6 8. Bxc6 Nxc6 9. Qe1 g6 10. f5 f6 11. fxe6 Bxe6 12. Nd5 Bg7 1/2-1/2

[Event "Klatovy op 22nd"]
[Site "Klatovy"]
[Date "2016.07.06"]
[Round "5"]
[White "Paldus, Jan"]
[Black "Gschwendtner, Stanislav"]
[Result "1/2-1/2"]
[WhiteElo "1753"]
[BlackElo "2058"]
[PlyCount "51"]
[EventDate "2016.07.02"]
[EventType "swiss"]
[EventRounds "9"]
[EventCountry "CZE"]
[SourceTitle "CBM 173 Extra"]
[Source "ChessBase"]
[SourceDate "2016.08.29"]
[SourceVersion "1"]
[SourceVersionDate "2016.08.29"]
[SourceQuality "1"]

1. e4 c5 2. Nf3 d6 3. d4 cxd4 4. Nxd4 Nf6 5. Nc3 g6 6. Be3 Bg7 7. Be2 Nc6 8. 0-0 0-0 9. h3 d5 10. exd5 Nxd5 11. Nxd5 Qxd5 12. Nxc6 Qxc6 13. c3 Be6 14. Bf3 Qc7 15. Qa4 Bd7 16. Qb3 Bc6 17. Bxc6 bxc6 18. Rfd1 Rab8 19. Qc2 Rb5 20. a4 Rd5 21. c4 Rxd1+ 22. Rxd1 Rb8 23. b3 h5 24. Rd3 a5 25. Qd1 Rb7 26. Bc5 1/2-1/2

[Event "Klatovy op 22nd"]
[Site "Klatovy"]
[Date "2016.07.05"]
[Round "4"]
[White "Gschwendtner, Stanislav"]
[Black "Molkanov, Oleg"]
[Result "1/2-1/2"]
[WhiteElo "2058"]
[BlackElo "1860"]
[PlyCount "60"]
[EventDate "2016.07.02"]
[EventType "swiss"]
[EventRounds "9"]
[EventCountry "CZE"]
[SourceTitle "CBM 173 Extra"]
[Source "ChessBase"]
[SourceDate "2016.08.29"]
[SourceVersion "1"]
[SourceVersionDate "2016.08.29"]
[SourceQuality "1"]

1. c4 Nf6 2. Nc3 d5 3. cxd5 Nxd5 4. g3 c5 5. Bg2 Nc7 6. d3 e5 7. Nf3 Nc6 8. 0-0 Be7 9. Nd2 Be6 10. Nc4 Qd7 11. Bxc6 Qxc6 12. Nxe5 Qa6 13. Qa4+ Qxa4 14. Nxa4 Bf6 15. f4 b6 16. Nc3 Bf5 17. g4 Bc8 18. Ne4 Bxe5 19. fxe5 0-0 20. h3 h5 21. Nd6 hxg4 22. Nxc8 Rfxc8 23. hxg4 Re8 24. Bf4 Ne6 25. e3 Rad8 26. Rad1 Nxf4 27. exf4 Rd4 28. g5 Red8 29. g6 Rxd3 30. Rxd3 Rxd3 1/2-1/2

[Event "Niederbayernliga 1516"]
[Site "Bayern"]
[Date "2016.03.13"]
[Round "8.7"]
[White "Gschwendtner, Stanislav"]
[Black "Stark, Bernhard"]
[Result "1-0"]
[WhiteElo "1993"]
[BlackElo "1792"]
[PlyCount "49"]
[EventDate "2015.10.11"]
[EventType "team-tourn"]
[EventRounds "9"]
[EventCountry "GER"]
[SourceTitle "EXT 2023"]
[Source "ChessBase"]
[SourceDate "2022.10.05"]
[SourceVersion "1"]
[SourceVersionDate "2022.10.05"]
[SourceQuality "1"]
[WhiteTeam "Bayerwald Regen"]
[BlackTeam "Passau II"]
[WhiteTeamCountry "GER"]
[BlackTeamCountry "GER"]

1. Nf3 Nf6 2. c4 g6 3. d4 Bg7 4. Nc3 d6 5. Bg5 0-0 6. Qd2 Re8 7. e4 c6 8. h4 Bg4 9. Nh2 Bd7 10. f3 h5 11. Be2 Nh7 12. g4 Nxg5 13. hxg5 hxg4 14. Nxg4 Bxg4 15. fxg4 a6 16. 0-0-0 b5 17. Rdf1 e6 18. Qf4 Ra7 19. e5 dxe5 20. dxe5 Qc7 21. Ne4 Qxe5 22. Qxe5 Bxe5 23. Nf6+ Bxf6 24. gxf6 Rd8 25. Rh6 1-0

[Event "London Classic op 7th"]
[Site "London"]
[Date "2015.12.10"]
[Round "8"]
[White "Myers, Dominique"]
[Black "Gschwendtner, Stanislav"]
[Result "1-0"]
[WhiteElo "2132"]
[BlackElo "2003"]
[PlyCount "53"]
[EventDate "2015.12.04"]
[EventType "swiss"]
[EventRounds "9"]
[EventCountry "ENG"]
[SourceTitle "CBM 169 Extra"]
[Source "ChessBase"]
[SourceDate "2015.12.18"]
[SourceVersion "1"]
[SourceVersionDate "2015.12.18"]
[SourceQuality "1"]

1. e4 c5 2. d4 cxd4 3. c3 Nf6 4. e5 Ne4 5. Bc4 e6 6. Nf3 d6 7. 0-0 Nc6 8. cxd4 Be7 9. Nc3 Nxc3 10. bxc3 dxe5 11. Qe2 exd4 12. Rd1 d3 13. Bxd3 Qa5 14. Rb1 a6 15. Qe4 g6 16. Bh6 Qh5 17. Nd4 Nxd4 18. Qxd4 e5 19. Qe3 f6 20. Be2 Bg4 21. Rxb7 Bxe2 22. Rxe7+ Kxe7 23. Qc5+ Ke6 24. Qd6+ Kf5 25. Qd7+ Ke4 26. f3+ Bxf3 27. Qd3# 1-0

[Event "Schwarzach op 30th"]
[Site "Schwarzach"]
[Date "2015.08.26"]
[Round "6"]
[White "Gschwendtner, Stanislav"]
[Black "Biti, Ozren"]
[Result "0-1"]
[WhiteElo "1991"]
[BlackElo "2339"]
[PlyCount "82"]
[EventDate "2015.08.22"]
[EventType "swiss"]
[EventRounds "9"]
[EventCountry "AUT"]
[SourceTitle "EXT 2016"]
[Source "ChessBase"]
[SourceDate "2015.10.08"]
[SourceVersion "1"]
[SourceVersionDate "2015.10.08"]
[SourceQuality "1"]

1. Nf3 d6 2. d4 g6 3. e4 Nf6 4. Bd3 Bg7 5. c4 0-0 6. Nc3 Bg4 7. Be3 Nc6 8. d5 Nb4 9. Be2 a5 10. a3 Na6 11. Nd2 Bxe2 12. Qxe2 c6 13. 0-0 Nd7 14. Rac1 Re8 15. f3 Ndc5 16. Rc2 a4 17. Rd1 Qa5 18. g4 e6 19. Nf1 Rad8 20. Qf2 Rd7 21. h4 Qd8 22. Ng3 Qxh4 23. Kg2 Qe7 24. Qd2 Nb3 25. Qf2 Nac5 26. g5 f6 27. e5 fxe5 28. Nce4 Nxe4 29. Nxe4 exd5 30. cxd5 c5 31. Rh1 Nd4 32. Bxd4 exd4 33. Qh4 Bh8 34. Re2 Qf7 35. Rhe1 Rf8 36. Qg4 Qf5 37. Qg3 Qxd5 38. Nf6+ Bxf6 39. gxf6 Rxf6 40. Re8+ Kg7 41. Rh1 Rdf7 0-1

[Event "Schwarzach op 30th"]
[Site "Schwarzach"]
[Date "2015.08.25"]
[Round "5"]
[White "Llaneza Vega, Patricia"]
[Black "Gschwendtner, Stanislav"]
[Result "1/2-1/2"]
[WhiteElo "2262"]
[BlackElo "1991"]
[PlyCount "73"]
[EventDate "2015.08.22"]
[EventType "swiss"]
[EventRounds "9"]
[EventCountry "AUT"]
[SourceTitle "EXT 2016"]
[Source "ChessBase"]
[SourceDate "2015.10.08"]
[SourceVersion "1"]
[SourceVersionDate "2015.10.08"]
[SourceQuality "1"]

1. e4 c5 2. Nf3 d6 3. d4 cxd4 4. Nxd4 Nf6 5. Nc3 g6 6. Be3 Bg7 7. f3 Nc6 8. Qd2 0-0 9. Bc4 Bd7 10. 0-0-0 Ne5 11. Bb3 Rc8 12. Kb1 Re8 13. h4 h5 14. Bh6 Nc4 15. Bxc4 Rxc4 16. Bxg7 Kxg7 17. g4 hxg4 18. h5 Rh8 19. hxg6 fxg6 20. f4 e5 21. fxe5 dxe5 22. Nde2 Rh3 23. Qd6 Qe8 24. Rhf1 Rf3 25. Rxf3 gxf3 26. Ng3 Rc6 27. Qd2 Be6 28. Qg5 f2 29. Nd5 Bxd5 30. exd5 Ra6 31. a3 e4 32. d6 Qe6 33. d7 Nxd7 34. Nh5+ Kf7 35. Qf4+ Kg8 36. Qg5 Kf7 37. Qf4+ 1/2-1/2

[Event "Pardubice op rap 26th"]
[Site "Pardubice"]
[Date "2015.07.23"]
[Round "8"]
[White "Pribyl, Josef"]
[Black "Gschwendtner, Stanislav"]
[Result "1-0"]
[WhiteElo "2274"]
[BlackElo "1991"]
[PlyCount "59"]
[EventDate "2015.07.22"]
[EventType "swiss (rapid)"]
[EventRounds "9"]
[EventCountry "CZE"]
[SourceTitle "CBM 167 Extra"]
[Source "ChessBase"]
[SourceDate "2015.09.14"]
[SourceVersion "1"]
[SourceVersionDate "2015.09.14"]
[SourceQuality "1"]

1. c4 c5 2. Nf3 Nf6 3. g3 d5 4. cxd5 Nxd5 5. Bg2 Nc6 6. d4 cxd4 7. Nxd4 e6 8. Nxc6 bxc6 9. 0-0 Bd6 10. e4 Ne7 11. Nd2 Ba6 12. Re1 Qc7 13. Qh5 0-0 14. e5 Bb4 15. a3 Ba5 16. b4 Bb6 17. Bb2 g6 18. Qg4 Nd5 19. Rac1 Bd3 20. Qf3 Bb5 21. Ne4 Qe7 22. Nf6+ Nxf6 23. exf6 Qb7 24. Qf4 Kh8 25. Qh6 Rg8 26. Re5 a6 27. Be4 Be2 28. Bxc6 Qa7 29. Rxe2 Rac8 30. Rc4 1-0

[Event "Niederbayern-ch"]
[Site "Regen"]
[Date "2015.06.19"]
[Round "3"]
[White "Zepke, Armin"]
[Black "Gschwendtner, Stanislav"]
[Result "1-0"]
[WhiteElo "2109"]
[BlackElo "2019"]
[PlyCount "47"]
[EventDate "2015.06.18"]
[EventType "swiss"]
[EventRounds "7"]
[EventCountry "GER"]
[SourceTitle "EXT 2023"]
[Source "ChessBase"]
[SourceDate "2022.10.05"]
[SourceVersion "1"]
[SourceVersionDate "2022.10.05"]
[SourceQuality "1"]

1. d4 Nf6 2. Bf4 g6 3. e3 Bg7 4. Nf3 0-0 5. Be2 d6 6. h3 e6 7. 0-0 b6 8. c4 Bb7 9. Nc3 Ne4 10. Nxe4 Bxe4 11. Rc1 Nd7 12. Bh2 e5 13. c5 bxc5 14. dxe5 d5 15. Qa4 Rb8 16. b3 Re8 17. Rfd1 Re6 18. Nd2 Rb4 19. Qxa7 Bxe5 20. Bxe5 Rxe5 21. Nxe4 Rbxe4 22. Bf3 Rh4 23. Bxd5 Rxh3 24. Qa8 1-0

[Event "Niederbayern-ch"]
[Site "Regen"]
[Date "2015.06.18"]
[Round "1"]
[White "Mittermaier, Johann"]
[Black "Gschwendtner, Stanislav"]
[Result "0-1"]
[WhiteElo "1666"]
[BlackElo "2019"]
[PlyCount "40"]
[EventDate "2015.06.18"]
[EventType "swiss"]
[EventRounds "7"]
[EventCountry "GER"]
[SourceTitle "EXT 2023"]
[Source "ChessBase"]
[SourceDate "2022.10.05"]
[SourceVersion "1"]
[SourceVersionDate "2022.10.05"]
[SourceQuality "1"]

1. e4 c5 2. Nc3 Nc6 3. f4 g6 4. Bb5 Nd4 5. Nf3 Bg7 6. a4 a6 7. Bc4 e6 8. 0-0 Ne7 9. d3 0-0 10. Ne2 Nxf3+ 11. Rxf3 d5 12. exd5 exd5 13. Bb3 Bg4 14. Rf1 Nc6 15. h3 Bd4+ 16. Kh2 Re8 17. Rf3 Bxf3 18. gxf3 Qh4 19. Ng3 Bf2 20. Nh1 Re1 0-1

[Event "Reykjavik op"]
[Site "Reykjavik"]
[Date "2015.03.11"]
[Round "3"]
[White "Nguyen, Thai Dai Van"]
[Black "Gschwendtner, Stanislav"]
[Result "1-0"]
[WhiteElo "2338"]
[BlackElo "2009"]
[PlyCount "69"]
[EventDate "2015.03.10"]
[EventType "swiss"]
[EventRounds "10"]
[EventCountry "ISL"]
[SourceTitle "CBM 165 Extra"]
[Source "ChessBase"]
[SourceDate "2015.04.21"]
[SourceVersion "1"]
[SourceVersionDate "2015.04.21"]
[SourceQuality "1"]

1. e4 c5 2. Nf3 d6 3. d4 cxd4 4. Nxd4 Nf6 5. Nc3 g6 6. Be3 Bg7 7. f3 Nc6 8. Qd2 0-0 9. g4 Be6 10. Nxe6 fxe6 11. 0-0-0 Ne5 12. Be2 Qc8 13. h4 Nc4 14. Bxc4 Qxc4 15. Bd4 e5 16. Be3 b5 17. Kb1 b4 18. Na4 Nd7 19. Rh3 Rf7 20. b3 Qb5 21. h5 Nb6 22. hxg6 hxg6 23. Nb2 Raf8 24. Qf2 Rf4 25. Qh4 R4f6 26. Bg5 d5 27. Qh7+ Kf7 28. Bxf6 Kxf6 29. Nd3 Nc4 30. bxc4 dxc4 31. g5+ Kf7 32. Rh6 cxd3 33. Qxg6+ Kg8 34. Rdh1 dxc2+ 35. Kc1 1-0

[Event "Regionalliga SO 1415"]
[Site "Bayern"]
[Date "2015.02.01"]
[Round "6.5"]
[White "Gschwendtner, Stanislav"]
[Black "Waldner, Alois"]
[Result "0-1"]
[WhiteElo "1993"]
[BlackElo "1993"]
[PlyCount "102"]
[EventDate "2014.10.19"]
[EventType "team-tourn"]
[EventRounds "9"]
[EventCountry "GER"]
[SourceTitle "EXT 2018"]
[Source "ChessBase"]
[SourceDate "2017.10.13"]
[SourceVersion "1"]
[SourceVersionDate "2017.10.13"]
[SourceQuality "1"]
[WhiteTeam "Bayerwald Regen/Zwiesel"]
[BlackTeam "Waldkraiburg"]
[WhiteTeamCountry "GER"]
[BlackTeamCountry "GER"]

1. c4 e5 2. Nc3 Nf6 3. g3 d5 4. cxd5 Nxd5 5. Bg2 Nb6 6. e3 Be7 7. Nge2 Nc6 8. 0-0 0-0 9. f4 Bf6 10. b3 Nb4 11. fxe5 Bxe5 12. d4 Bf6 13. a3 Na6 14. Ne4 Be7 15. N2c3 c6 16. g4 Nd5 17. Nxd5 cxd5 18. Ng3 Be6 19. Nf5 Rc8 20. Nxe7+ Qxe7 21. Ra2 Qh4 22. h3 Rc7 23. Rc2 Rxc2 24. Qxc2 Rc8 25. Qd3 h5 26. e4 Nc7 27. g5 dxe4 28. Qxe4 Qxe4 29. Bxe4 Bxh3 30. Rf3 Ne6 31. Be3 Bg4 32. d5 Bxf3 33. Bxf3 Nf8 34. Bxa7 Rc3 35. Kf2 Rxb3 36. Bc5 Nd7 37. Bb4 g6 38. d6 b6 39. Bc6 Ne5 40. Bb5 Rd3 41. Ke2 Rd5 42. Ba4 b5 43. Bb3 Rd3 44. Bc2 Rg3 45. Bd2 Rxa3 46. Bf4 Nd7 47. Bd3 Rb3 48. Be4 Kf8 49. Bc6 Ke8 50. Kd2 Kd8 51. Kc2 Rb4 0-1